Central Library OPAC University of Rajshahi

The story of agricultural economics in the United States, 1840-1932 : (Record no. 3125)

MARC details
000 -LEADER
fixed length control field 01132cam a2200277 4500
001 - CONTROL NUMBER
control field 3125
003 - CONTROL NUMBER IDENTIFIER
rucl marc code BD-RjUL
005 - DATE AND TIME OF LATEST TRANSACTION
control field 20211208233659.0
008 - FIXED-LENGTH DATA ELEMENTS--GENERAL INFORMATION
fixed length control field 131218s1952 iaua b s001 0 eng
035 ## - SYSTEM CONTROL NUMBER
System control number OCLC ocm00231881 from D970115M
-- (BD-RjUL)3159
040 ## - CATALOGING SOURCE
Original cataloging agency DLC
Transcribing agency WSU
Modifying agency SER
-- EQO
-- BD-RjUL
Language of cataloging eng
041 ## - LANGUAGE CODE
Language code of text/sound track or separate title eng
082 ## - DEWEY DECIMAL CLASSIFICATION NUMBER
Classification number 338.1
Author mark and year TAS
100 1# - MAIN ENTRY--PERSONAL NAME
Personal name Taylor, Henry C.
Fuller form of name (Henry Charles),
Dates associated with a name 1873-1969.
9 (RLIN) 9906
245 14 - TITLE STATEMENT
Title The story of agricultural economics in the United States, 1840-1932 :
Remainder of title men, services, ideas /
Statement of responsibility, etc. [by] Henry C. and Anne Dewees Taylor. Farm finance section by Norman J. Wall; foreword by Everett E. Edwards; indexed by Adelaide R. Hasse.
260 ## - PUBLICATION, DISTRIBUTION, ETC. (IMPRINT)
Place of publication, distribution, etc. Ames :
Name of publisher, distributor, etc. Iowa State College Press,
Date of publication, distribution, etc. c1952.
300 ## - PHYSICAL DESCRIPTION
Pagination xxvi, 1121 p.:
Illustrations illus.;
Size 24 cm.
504 ## - BIBLIOGRAPHY, ETC. NOTE
Bibliography, etc Bibliographical footnotes and index
650 #0 - SUBJECT ADDED ENTRY--TOPICAL TERM
Topical term or geographic name as entry element Agriculture
General subdivision Economic aspects
Geographic subdivision United States.
9 (RLIN) 7960
Topical term or geographic name as entry element Agriculture and state
Geographic subdivision United States.
9 (RLIN) 8009
700 1# - ADDED ENTRY--PERSONAL NAME
Personal name Taylor, Anne Dewees.
942 ## - ADDED ENTRY ELEMENTS (KOHA)
Source of classification or shelving scheme Dewey Decimal Classification
Koha item type Books
Holdings
Lost status Source of classification or shelving scheme Damaged status Not for loan Collection code Permanent Location Current Location Shelving location Date acquired Source of acquisition Cost, normal purchase price Total Checkouts Full call number Date last seen Copy number Koha item type
  Dewey Decimal Classification     Non-fiction Central Library, University of Rajshahi Central Library, University of Rajshahi   07/04/1967 Euro-pak 40.62   338.1 TAS 1952 18/12/2013 C-2 Books
  Dewey Decimal Classification   Not For Loan Non-fiction Central Library, University of Rajshahi Central Library, University of Rajshahi Reading Room 09/04/1967 Euro Pak. 40.62   338.1 TAS 1952 24/10/2021 C-1 Books